| 000 | 00974cam a22001934a 4500 | ||
|---|---|---|---|
| 005 | 20250605164210.0 | ||
| 008 | 250528s ||||||||||||||||||||||||d | ||
| 035 | _a20199 | ||
| 020 | _a9602180145 | ||
| 040 |
_aGR-AtMCL _bgre _dGR-AtMCL _eAACR2 |
||
| 245 | 1 | _aΜικροοικονομική ΙI | |
| 260 |
_bΚριτική - Επιστημονική Βιβλιοθήκη, _c1990 |
||
| 300 | _a288 | ||
| 520 | _aΟι Αγορές των Παραγωγικών Συντελεστών, Η Θεωρία της Διανομής, Ατέλειες στις Αγορές των Συντελεστών, Γενική Ισορροπία και Οικονομική της Ευημερίας, Γενική Ισορροπία, Το Διτομεακό Υπόδειγμα, Οικονομική της Ευημερίας, Κεφάλαιο και Τόκος, Παραρτήματα. | ||
| 700 | 1 |
_aChacholiades Miltiades _91816 |
|
| 942 | _cBK | ||
| 999 |
_c5334 _d5334 |
||